000 00277nam a2200109Ia 4500
008 220204s9999 xx 000 0 und d
082 _a338.53
_bWEB
100 _aWEBB, M G
245 0 _aPricing policies for public enterprises
260 _aLondon
_bMacmillan
_c1976
942 _cBK
999 _c28189
_d28189